000 00770nam a2200217 a 4500
001 BRCA_3024
005 20190320204055.0
008 200109r1993-------a---###---#000-0#spa-#
050 4 _aTR140.H3
_b.R36 1993
245 1 0 _aRaoul Hausmann
_btrabajos fotográficos : fotografías - fotomontajes - fotogramas - fototextos.
260 _a[Munich]
_bGoethe-Institut
_c1993
300 _a60 p.
_bil.
_c28 cm.
500 _aIncluye glosario y biografía
500 _a2do. ejemplar en el Área de Investigación
504 _aBibliografía: p. 60
546 _aTexto en español, alemán, francés e inglés
600 1 4 _aHausmann, Raoul
_d1886-1971
_xTrabajos fotográficos
_98319
650 1 4 _aFotografía
_98320
650 1 4 _aFotógrafos
_xBiografía
_98321
942 _2lcc
_cB
999 _c2761
_d2761